Sistema de información en biotecnología agropecuaria : (Registro nro. 4022)

Detalles MARC
000 -CABECERA
Campo de control 00919nam a2200229 a 4500
005 - FECHA Y HORA DE LA ULTIMA TRANSACCION
Campo de control 20180803165139.0
008 - ELEMENTOS DE LONGITUD FIJA—INFORMACION GENERAL
Campo de control 140313b2002 cl ao gr|||| 000 0 spa d
040 ## - FUENTE DE CATALOGACIÓN
Agencia catalogadora original CO-BoIAVH
Agencia transcriptora CO-BoIAVH
041 0# - IDIOMA
Código de idioma para texto/pista de sonido o título separado Español
044 ## - PAÍS DE PUBLICACIÓN
País de publicación Chile
082 04 - NUMERO DE CLASIFICACION DECIMAL DEWEY
Número de clasificación 630
Número del ítem R31s
110 2# - ASIENTO PRINCIPAL--NOMBRE CORPORATIVO
Unidad subordinad Red de Cooperación Técnica en Biotecnología Vegetal para América Latina y el Caribe
9 (RLIN) 21242
245 10 - MENCION DE TITULO
Título Sistema de información en biotecnología agropecuaria :
Parte restante del título InfoREDBIO /
Mención de responsabilidad Red de Cooperación Técnica en Biotecnología Vegetal para América Latina y el Caribe
260 ## - PUBLICACION, DISTRIBUCION, ETC. (PIE DE IMPRENTA)
Lugar de publicación, distribución, etc. Santiago :
Nombre del editor, distribuidor, etc. REDBIO :
-- FAO ,
Fecha de publicación, distribución, etc. 2002?
300 ## - DESCRIPCION FISICA
Extensión 1 folleto plegable ( incluye 3 fichas) :
Otros detalles físicos Ilustraciones, fotos
Dimensiones 30 x 21 cm.
Material acompañante Carpeta
650 16 - ASIENTO SECUNDARIO DE MATERIA - TERMINO TEMATICO
Término temático o nombre geográfico como elemento de entrada Redes de información
9 (RLIN) 4558
650 26 - ASIENTO SECUNDARIO DE MATERIA - TERMINO TEMATICO
Término temático o nombre geográfico como elemento de entrada Sistemas de información
9 (RLIN) 92288
650 26 - ASIENTO SECUNDARIO DE MATERIA - TERMINO TEMATICO
Término temático o nombre geográfico como elemento de entrada Educación a distancia
9 (RLIN) 21244
650 16 - ASIENTO SECUNDARIO DE MATERIA - TERMINO TEMATICO
Término temático o nombre geográfico como elemento de entrada Biotecnología
9 (RLIN) 82770
650 26 - ASIENTO SECUNDARIO DE MATERIA - TERMINO TEMATICO
Término temático o nombre geográfico como elemento de entrada Bioseguridad
9 (RLIN) 82771
942 ## - ELEMENTOS ADICIONALES (KOHA)
Tipo de ítem Folleto
Sistema de clasificación Dewey Decimal Classification
Existencias
Withdrawn status Lost status Sistema de Clasificación Damaged status No para préstamo Colección Inventariado Ubicación Permanente Ubicación actual Fecha de adquisición Total Checkouts Número topográfico Inventario / Código de Barras Date last seen Ejemplar Price effective from Forma de adquisición Tipo de material
    Dewey Decimal Classification     General Inventariado 2017 Bogotá Bogotá 01/08/2004   LB-630 R31s 016559 04/12/2012 Ej. 1 04/12/2012 Donación Folleto
    Dewey Decimal Classification     General Inventariado 2017 Sala Fabio Quevedo Sala Fabio Quevedo 11/08/2004   LB-630 R31s 016560 04/12/2012 Ej. 2 04/12/2012 Donación Folleto